Výšivka na Slovensku = Embroidery in Slovakia /

Guardado en:
Detalles Bibliográficos
Autor principal: Danglová Oľga (Autor)
Otros Autores: Křížová, Alena (Revisador), Zajonc, Juraj (Revisador)
Formato: Libro
Lenguaje:eslovaco
inglés
Publicado: Bratislava : Ústredie ľudovej umeleckej výroby, Ústav etnológie SAV, Národné osvetové centrum, 2009
Edición:1. vydanie
Colección:Tradícia dnes
Materias:
Etiquetas: Agregar Etiqueta
Sin Etiquetas, Sea el primero en etiquetar este registro!

MARC

LEADER 00000nam a22000003a 4500
001 0080667
003 SK-STU
005 20201211161252.8
007 ta
008 200305s ----xo-----e------000-0-----d
020 |a 978-80-88852-66-7 
040 |a STU  |b slo 
041 0 |a slo  |a eng 
044 |a xo 
100 1 |a Danglová Oľga  |4 aut  |r Z5 
245 1 0 |a Výšivka na Slovensku = Embroidery in Slovakia /  |c aut. Danglová Oľga 
250 |a 1. vydanie 
260 |a Bratislava :  |b Ústredie ľudovej umeleckej výroby, Ústav etnológie SAV, Národné osvetové centrum,  |c 2009 
300 |a 270 s. 
490 0 |a Tradícia dnes 
650 0 7 |a umenie ľudové 
650 0 7 |a ľudová kultúra 
650 0 7 |a ľudový odev 
650 0 7 |a tkaniny 
650 0 7 |a ornament 
700 1 |a Křížová, Alena  |4 rev 
700 1 |a Zajonc, Juraj  |4 rev 
996 |b 284AU08333  |c A* 11593/U  |l AA5150  |s P  |a 0  |w 0080667_0001